000 00850nam a2200241Ia 4500
003 OSt
005 20220925235913.0
006 a|||||r|||| 00| 0
007 ta
008 220923b |||||||| |||| 00| 0 eng d
037 _cGeneral Book
040 _aRTL
_cRTL
_beng
041 _2eng
_aeng
082 _aX415.2.N56<--N50, K1
110 _aIndia, (Government of...). Railway (Board). Statistics and Economic Advice Branch (Directorate of...)
_9301865
245 0 _aReview of the performance of the Indian government
260 _a New Delhi
_bG I P India
_c1961
300 _a72p.
_ccm.
650 _aIndia
_964395
700 _aIndia, (Government of...). Railway (Board). Statistics and Economic Advice Branch (Directorate of...)
_9301866
942 _hX415.2.N56<--N50, K1
_cGB
_2CC
999 _c598118
_d598118